| 000 | 00391nam a2200157Ia 4500 | ||
|---|---|---|---|
| 008 | 220216s9999 xx 000 0 und d | ||
| 100 | _aJiang M L | ||
| 245 | 0 | _aOverview on rubberwood preservation technology | |
| 260 |
_bChina Wood Industry _c1996 |
||
| 300 | _a22-24 | ||
| 500 | _aCAB CD 1997 | ||
| 650 | _aChina | ||
| 650 | _aWood preservatives | ||
| 700 | _aZhang H P | ||
| 942 | _cBO | ||
| 999 |
_c47828 _d47828 |
||